El arte de la madera en Écija durante el siglo XVIII (Record no. 1158)

MARC details
000 -CABECERA
campo de control de longitud fija 00753nam a2200193 a 4500
001 - NÚMERO DE CONTROL
campo de control BRCA_1291
005 - FECHA Y HORA DE LA ÚLTIMA TRANSACCIÓN
campo de control 20190320203349.0
008 - DATOS DE LONGITUD FIJA--INFORMACIÓN GENERAL
campo de control de longitud fija 300508s1994----sp-a---###---#000-0#spa-#
020 ## - NÚMERO INTERNACIONAL ESTÁNDAR DEL LIBRO
Número Internacional Estándar del Libro 846062160X
050 #4 - SIGNATURA TOPOGRÁFICA DE LA BIBLIOTECA DEL CONGRESO
Número de clasificación NK2599
Número de documento/Ítem .F47 1994
100 1# - ENTRADA PRINCIPAL--NOMBRE DE PERSONA
Nombre de persona Fernández Martín, Ma. Mercedes
9 (RLIN) 4230
245 10 - MENCIÓN DE TÍTULO
Título El arte de la madera en Écija durante el siglo XVIII
Mención de responsabilidad, etc. Ma. Mercedes Fernández Martín.
260 ## - PUBLICACIÓN, DISTRIBUCIÓN, ETC.
Lugar de publicación, distribución, etc. Écija, Sevilla
Nombre del editor, distribuidor, etc. Biblioteca Pública Municipal ´Tomas Beviá´ : Delegación de Cultura. Excmo. Ayuntamiento de Écija
Fecha de publicación, distribución, etc. 1994
300 ## - DESCRIPCIÓN FÍSICA
Extensión 247 p.
Otras características físicas il.
Dimensiones 30 cm.
504 ## - NOTA DE BIBLIOGRAFÍA, ETC.
Nota de bibliografía, etc. Bibliografía : p. 219-229
650 14 - PUNTO DE ACCESO ADICIONAL DE MATERIA--TÉRMINO DE MATERIA
Término de materia o nombre geográfico como elemento de entrada Muebles de madera
Subdivisión general Historia
Subdivisión cronológica Siglo XVIII
Subdivisión geográfica Écija, España
9 (RLIN) 4231
650 14 - PUNTO DE ACCESO ADICIONAL DE MATERIA--TÉRMINO DE MATERIA
Término de materia o nombre geográfico como elemento de entrada Carpinteros
Subdivisión general Gremios
Subdivisión geográfica España
9 (RLIN) 4232
942 ## - ELEMENTOS DE PUNTO DE ACCESO ADICIONAL (KOHA)
Fuente del sistema de clasificación o colocación Library of Congress Classification
Tipo de ítem Koha Libros
Holdings
Estado de retiro Estado de pérdida Estado dañado No para préstamo Localización permanente Ubicación/localización actual Fecha de adquisición Total de préstamos Signatura topográfica completa Código de barras Fecha visto por última vez Precio válido a partir de Tipo de ítem Koha
El ejemplar forma parte de la colección y puede ser consultado según las políticas vigentes.       Biblioteca del Museo Franz Mayer (Rogerio Casas-Alatriste) Biblioteca del Museo Franz Mayer (Rogerio Casas-Alatriste) 26/06/2008   NK2599 .F47 1994 01788 22/03/2019 22/03/2019 Libros